[Event "VIE-ch U15"]
[Site "Hai Phong"]
[Date "2018.07.11"]
[Round "7"]
[White "Dao, Xuan Thuy"]
[Black "Tran, Vo Quoc Hoang"]
[Result "1-0"]
[WhiteElo "1786"]
[BlackElo "1789"]
[PlyCount "59"]
[EventDate "2018.07.07"]
[EventType "swiss"]
[EventRounds "9"]
[EventCountry "VIE"]
[SourceTitle "EXT 2019"]
[Source "ChessBase"]
[SourceDate "2018.10.10"]
[SourceVersion "1"]
[SourceVersionDate "2018.10.10"]
[SourceQuality "1"]

1. e4 e5 2. Nf3 Nc6 3. Bb5 Nd4 4. Nxd4 exd4 5. Be2 Be7 6. d3 d6 7. 0-0 Nf6 8. f4 0-0 9. Nd2 Nd7 10. Nf3 Bf6 11. Bd2 b6 12. Be1 Bb7 13. Bg3 Qe7 14. Qe1 c5 15. Bh4 Rfe8 16. Bxf6 Nxf6 17. Nh4 Nd7 18. Qg3 Qe6 19. Bg4 Qe7 20. Nf5 Qf6 21. Nh4 Rad8 22. Bf3 g6 23. e5 dxe5 24. Bxb7 exf4 25. Rxf4 Qd6 26. Raf1 Re3 27. Qg5 Rf8 28. Nf5 Qe6 29. Bd5 Qxd5 30. Nh6+ 1-0